Vista normal Vista MARC

Entrada Geographic Name

Número de registros utilizados en: 1

001 - CONTROL NUMBER

  • control field: 65079

003 - CONTROL NUMBER IDENTIFIER

  • control field: OSt

005 - DATE AND TIME OF LATEST TRANSACTION

  • control field: 20250922181946.0

008 - FIXED-LENGTH DATA ELEMENTS

  • fixed length control field: 250922|| aca||aabn | a|a d

040 ## - CATALOGING SOURCE

  • Original cataloging agency: OSt
  • Transcribing agency: OSt

151 ## - HEADING--GEOGRAPHIC NAME

  • Geographic name: Colombia
  • General subdivision: Historia política
  • Chronological subdivision: 1970-2007

670 ## - SOURCE DATA FOUND

  • Source citation: Work cat.: (OSt)9409: Randall, Stephen James 1351, Alfonso Lopez Michelsen : su vida, su epoca









Instituto Departamental de Cultura del Meta - Red Departamental de Bibliotecas Públicas del Meta.